[Event "Østlandsserien 2010/2011, 2. div. B"]
[Site "Oslo NOR"]
[Date "2011.02.13"]
[Round "5"]
[White "Høva, Frode"]
[Black "Kjølberg, Jens Hjorth"]
[Result "0-1"]
[WhiteElo "1562"]
[BlackElo "1845"]
[PlyCount "72"]
[EventDate "2010.11.07"]
[WhiteTeam "Follo I"]
[BlackTeam "SK 1911 II"]

1. d4 Nf6 2. c4 g6 3. Nc3 Bg7 4. e4 d6 5. Nf3 O-O 6. Be2 e5 7. O-O Nc6 8. d5
Ne7 9. Ne1 Nd7 10. Nd3 f5 11. f3 f4 12. Bd2 g5 13. g4 h5 14. h3 Ng6 15. Be1
hxg4 16. hxg4 Kf7 17. Kg2 Nh4+ 18. Bxh4 gxh4 19. Rh1 Bf6 20. Qg1 Be7 21. b4 Rh8
22. Rh3 Nf6 23. c5 Nh7 24. Qf2 a5 25. b5 Kg7 26. a4 Ng5 27. Rh2 h3+ 28. Kh1 Nf7
29. cxd6 cxd6 30. Qf1 Bd7 31. Nd1 Bh4 32. N1f2 Bg3 33. Rxh3 Ng5 34. Rh5 Rxh5+
35. gxh5 Nxe4 36. Nxe4 Qh4+ 0-1

[Event "Østlandsserien 2010/2011, 2. div. B"]
[Site "Oslo NOR"]
[Date "2011.02.13"]
[Round "5"]
[White "Kjøita, Torgeir"]
[Black "Moberg, Jan Rune"]
[Result "1-0"]
[WhiteElo "1574"]
[BlackElo "1676"]
[PlyCount "119"]
[EventDate "2010.11.07"]
[WhiteTeam "SK 1911 II"]
[BlackTeam "Follo I"]

1. e4 e5 2. Nf3 d6 3. Bc4 c6 4. d4 Nd7 5. O-O Be7 6. c3 Ngf6 7. Re1 O-O 8. Bb3
a6 9. Nbd2 b5 10. a4 Bb7 11. Nf1 c5 12. d5 Qc7 13. Ng3 Rfe8 14. Nf5 Bf8 15.
N3h4 h6 16. Bc2 Kh7 17. Kh1 g6 18. Ng3 Bg7 19. f4 exf4 20. Bxf4 Kg8 21. Nf3 Ng4
22. Rf1 c4 23. axb5 axb5 24. Rxa8 Bxa8 25. Nd4 Nde5 26. h3 Nf6 27. Bxe5 dxe5
28. Nxb5 Qb6 29. Ba4 Rd8 30. Qe2 Qc5 31. Na3 Rc8 32. Bb5 h5 33. Rd1 h4 34. Nf1
Bh6 35. Bxc4 Nh5 36. b4 Qa7 37. Nb5 Qd7 38. Qg4 Qd8 39. Bb3 Bf8 40. Qf3 Nf4 41.
Na7 Rc7 42. Nc6 Qf6 43. b5 Bc5 44. c4 Bb7 45. Ne3 Bc8 46. Ng4 Bxg4 47. Qxg4 Nh5
48. Qf3 Ng3+ 49. Kh2 Qg5 50. d6 Rd7 51. Qg4 Qxg4 52. hxg4 Nxe4 53. Bc2 Nf2 54.
Nxe5 Bxd6 55. Kg1 Nxd1 56. Nxd7 Ne3 57. c5 Bf4 58. Bb3 Nxg4 59. c6 Ne5 60. c7
1-0

[Event "Østlandsserien 2010/2011, 2. div. B"]
[Site "Ås, Akershus NOR"]
[Date "2011.03.12"]
[Round "6"]
[White "Salimdzanov, Sergej"]
[Black "Lange, David"]
[Result "0-1"]
[WhiteElo "1774"]
[BlackElo "1806"]
[PlyCount "88"]
[EventDate "2010.11.07"]
[WhiteTeam "Nittedal"]
[BlackTeam "Follo 1"]

1. e4 {[%emt 0:00:00]} c5 2. Nf3 d6 3. d4 cxd4 4. Nxd4 Nf6 5. Nc3 a6 6. Bg5 e6
7. a4 Be7 8. Be2 Bd7 9. Qd2 Nc6 10. Rd1 Nxd4 11. Qxd4 Qa5 12. Bxf6 Bxf6 13.
Qxd6 Bxc3+ 14. bxc3 Qxc3+ 15. Kf1 Bxa4 16. f3 Qc6 17. Qa3 Rd8 18. Rxd8+ Kxd8
19. Kf2 Qb6+ 20. Kg3 Qc7+ 21. Kh3 Bc6 22. Qc5 Kc8 23. Rd1 Bb5 24. Qa7 Bxe2 25.
Rd4 Bb5 26. c4 Bc6 27. c5 g5 28. Rd6 h5 29. e5 Rg8 30. Kg3 g4 31. f4 Bd5 32. f5
Re8 33. f6 Bc6 34. Kf2 h4 35. g3 hxg3+ 36. Kxg3 Rg8 37. Kh4 Bf3 38. Kg3 Rh8 39.
Kf4 Rg8 40. h4 gxh3 41. Kxf3 h2 42. Qa8+ Qb8 43. Qxb8+ Kxb8 44. Rd1 Rg1 0-1

[Event "Østlandsserien 2010/2011, 2. div. B"]
[Site "Ås, Akershus NOR"]
[Date "2011.03.12"]
[Round "6"]
[White "Lange, Holger"]
[Black "Øksnevad, Arild"]
[Result "1/2-1/2"]
[WhiteElo "1652"]
[BlackElo "1581"]
[PlyCount "83"]
[EventDate "2010.11.07"]
[WhiteTeam "Follo 1"]
[BlackTeam "Nittedal"]

1. e4 d5 2. exd5 Nf6 3. c4 e6 4. dxe6 Bxe6 5. Be2 Qe7 6. d3 Nc6 7. Nf3 Rd8 8.
Qc2 Nb4 9. Qa4+ Qd7 10. Qb3 Nxd3+ 11. Bxd3 Qxd3 12. Qxd3 Rxd3 13. b3 Bc5 14.
Bb2 Nh5 15. O-O O-O 16. Nc3 Nf4 17. Ne4 Be7 18. Ne5 Rdd8 19. Rfd1 f6 20. Nf3
Bg4 21. Rxd8 Rxd8 22. Nd4 Ne2+ 23. Nxe2 Bxe2 24. Re1 Bg4 25. h3 Bf5 26. Ng3 Bb4
27. Re2 Bg6 28. a3 Rd1+ 29. Kh2 Bd6 30. b4 b6 31. h4 Kf7 32. Kh3 Bd3 33. Re3
Bxc4 34. Bc3 c5 35. Ne4 Bb8 36. bxc5 Rh1+ 37. Kg4 Be6+ 38. Kf3 Rxh4 39. g3 Rh1
40. cxb6 axb6 41. Bb4 Rd1 42. Ke2 1/2-1/2

[Event "Østlandsserien 2010/2011, 2. div. B"]
[Site "Ås, Akershus NOR"]
[Date "2011.03.12"]
[Round "6"]
[White "Aas, Henrik"]
[Black "Høva, Frode"]
[Result "1-0"]
[WhiteElo "1577"]
[BlackElo "1562"]
[PlyCount "47"]
[EventDate "2010.11.07"]
[WhiteTeam "Nittedal"]
[BlackTeam "Follo 1"]

1. e4 c5 2. Nf3 d6 3. d4 cxd4 4. Nxd4 Nf6 5. Nc3 e6 6. Be3 Be7 7. Be2 Nc6 8.
O-O O-O 9. Kh1 a6 10. g4 Qc7 11. f4 Re8 12. Bg1 Bd7 13. Nb3 Na5 14. Nxa5 Qxa5
15. Qd3 Bc6 16. Bf3 Rad8 17. f5 exf5 18. exf5 Bxf3+ 19. Qxf3 d5 20. Bd4 Qb4 21.
Rad1 Qxb2 22. Nxd5 Qxc2 23. Nxe7+ Rxe7 24. Bxf6 1-0

[Event "Østlandsserien 2010/2011, 2. div. B"]
[Site "Ås, Akershus NOR"]
[Date "2011.03.12"]
[Round "6"]
[White "Moberg, Jan Rune"]
[Black "Mathisen, Viktor W"]
[Result "0-1"]
[WhiteElo "1574"]
[BlackElo "1463"]
[PlyCount "156"]
[EventDate "2010.11.07"]
[WhiteTeam "Follo 1"]
[BlackTeam "Nittedal"]

1. d4 d5 2. c4 e6 3. Nf3 Nf6 4. g3 dxc4 5. Bg2 c5 6. Qa4+ Bd7 7. Qxc4 Nc6 8.
O-O b5 9. Qd3 c4 10. Qd1 Rc8 11. b3 Na5 12. Ne5 Bd6 13. e4 O-O 14. Nxd7 Nxd7
15. e5 Bb4 16. a3 Be7 17. Nd2 Nb6 18. b4 Nc6 19. Nf3 Qd7 20. Be3 Rfd8 21. Qc2
a5 22. bxa5 Nxa5 23. Rfd1 Nb3 24. Ra2 Ra8 25. Ng5 Bxg5 26. Bxg5 Rac8 27. Bxd8
Rxd8 28. d5 exd5 29. a4 bxa4 30. Bxd5 Nxd5 31. Qxc4 Na5 32. Qxa4 Qxa4 33. Rxa4
Nc6 34. f4 Nce7 35. Rad4 f6 36. e6 g6 37. g4 f5 38. g5 Kf8 39. Kf2 Ke8 40. h4
Rd6 41. h5 Kd8 42. hxg6 hxg6 43. R1d2 Kc7 44. R4d3 Rd8 45. Ke1 Kd6 46. Re2 Ra8
47. Kf2 Ra4 48. Kg3 Rxf4 49. Rd1 Rg4+ 50. Kf3 Rxg5 51. Rd3 Rg4 52. Rd1 Rh4 53.
Kg3 g5 54. Rd3 Rh6 55. Ra3 g4 56. Ra6+ Kc5 57. Ra7 Rh3+ 58. Kf2 Rh2+ 59. Ke1
Rxe2+ 60. Kxe2 Nf4+ 61. Kf2 Kd6 62. Ra6+ Ke5 63. Kg3 Nxe6 64. Ra5+ Kf6 65. Ra6
Ng6 66. Rb6 Ne5 67. Ra6 f4+ 68. Kf2 Kf5 69. Ra5 Ke4 70. Ra4+ Nd4 71. Ra8 Nd3+
72. Kg2 f3+ 73. Kg3 Ne2+ 74. Kxg4 f2 75. Re8+ Kd4 76. Rxe2 f1=Q 77. Re8 Qf4+
78. Kh3 Qh6+ 0-1

[Event "Østlandsserien 2010/2011, 2. div. B"]
[Site "Oslo NOR"]
[Date "2011.03.13"]
[Round "7"]
[White "Lange, David"]
[Black "Aanonsen, Per Tore"]
[Result "1-0"]
[WhiteElo "1806"]
[BlackElo "1610"]
[PlyCount "79"]
[EventDate "2010.11.07"]
[WhiteTeam "Follo 1"]
[BlackTeam "Nordstrand 5"]

1. d4 Nf6 2. c4 g6 3. Nc3 Bg7 4. Nf3 O-O 5. e3 d6 6. Be2 Nbd7 7. O-O e5 8. dxe5
Nxe5 9. Nxe5 dxe5 10. b3 Qe7 11. Bb2 Rd8 12. Qc2 e4 13. Rfd1 Bf5 14. Nb5 c5 15.
Rxd8+ Rxd8 16. Nxa7 Ng4 17. Bxg7 Kxg7 18. Rd1 Ne5 19. Rxd8 Qxd8 20. Qc3 f6 21.
Nb5 Nd3 22. f3 h5 23. Qd2 Qd7 24. Nc3 exf3 25. gxf3 Ne5 26. Qxd7+ Bxd7 27. Ne4
b6 28. Nc3 Bc6 29. Nd5 Nd7 30. Kf2 Bxd5 31. cxd5 h4 32. e4 Kf7 33. f4 g5 34.
Bg4 Nf8 35. Bf5 gxf4 36. Kf3 Ke7 37. a4 Kd6 38. Kxf4 Nd7 39. Bxd7 Kxd7 40. Kf5
1-0

[Event "Østlandsserien 2010/2011, 2. div. B"]
[Site "Oslo NOR"]
[Date "2011.03.13"]
[Round "7"]
[White "Abrahamsen, Knut Ø"]
[Black "Lange, Holger"]
[Result "0-1"]
[WhiteElo "1560"]
[BlackElo "1652"]
[PlyCount "88"]
[EventDate "2010.11.07"]
[WhiteTeam "Nordstrand 5"]
[BlackTeam "Follo 1"]

1. e4 c5 2. Nf3 Nc6 3. d4 cxd4 4. Nxd4 Nf6 5. Nc3 d6 6. Bg5 e6 7. f4 Be7 8. Bb5
Bd7 9. Qd2 h6 10. Bxf6 Bxf6 11. Nxc6 bxc6 12. Ba4 Qa5 13. Bb3 Bxc3 14. bxc3 d5
15. exd5 cxd5 16. c4 Qxd2+ 17. Kxd2 dxc4 18. Bxc4 Bc6 19. Rae1 Rd8+ 20. Kc1 Rd4
21. Bb3 Rxf4 22. Re2 Rg4 23. Rg1 Ke7 24. g3 Rd8 25. Rge1 Bd5 26. Re5 Bxb3 27.
axb3 Rgd4 28. R1e2 Rc8 29. Ra5 Rd7 30. Ra4 Rb7 31. Kb2 Rc5 32. c3 Rcb5 33. b4
a5 34. Ka3 axb4+ 35. Rxb4 Ra7+ 36. Kb3 Rba5 37. Re3 Ra3+ 38. Kc4 Rc7+ 39. Kd4
f6 40. Rc4 e5+ 41. Kd5 Ra5+ 42. Ke4 Rxc4+ 43. Kf5 Kf7 44. Rxe5 Rxe5# 0-1

[Event "Østlandsserien 2010/2011, 4. div."]
[Site "Ås, Akershus NOR"]
[Date "2010.11.07"]
[Round "1"]
[White "Sem-Johansen, Åsmund"]
[Black "Lea, Per"]
[Result "0-1"]
[WhiteElo "1623"]
[BlackElo "1569"]
[PlyCount "28"]
[EventDate "2010.11.07"]
[WhiteTeam "Stovner"]
[BlackTeam "Follo 2"]

1. e4 e5 2. f4 d5 3. exd5 e4 4. c4 {last book move} Bc5 5. d4 exd3 6. Qxd3 Nf6
7. Be3 Qe7 8. Kd2 Ne4+ 9. Kc2 Bf5 10. Bxc5 Qxc5 11. Qe2 $2 $19 (11. Kc1 O-O 12.
Nf3 $17) (11. g4 Na6 12. Kc1 Nb4 13. Qf3 Nf2 $19) 11... O-O 12. Kb3 $2 (12. Kc1
Nf2) 12... Qb6+ 13. Ka3 Qa5+ 14. Kb3 Nc5# 0-1

[Event "Østlandsserien 2010/2011, 4. div."]
[Site "Ås, Akershus NOR"]
[Date "2010.11.07"]
[Round "1"]
[White "Bakken, Svein-Erik"]
[Black "Johansen, Ove"]
[Result "1-0"]
[WhiteElo "1381"]
[BlackElo "1073"]
[PlyCount "79"]
[EventDate "2010.11.07"]
[WhiteTeam "Follo 2"]
[BlackTeam "Stovner"]

1. d4 d5 2. c4 e6 3. Nc3 Nf6 4. Bg5 Be7 5. e3 Nbd7 6. Nf3 O-O 7. Qc2 b6 8. cxd5
exd5 9. Bd3 h6 10. Bh4 Bb7 11. O-O {last book move} Rc8 12. Rac1 c5 13. dxc5
Rxc5 14. Qb1 Nh5 15. Bxe7 Qxe7 16. Nd4 Rfc8 17. a3 Nhf6 18. Nce2 Ne4 19. Nf3
Ne5 20. Bxe4 dxe4 21. Nfd4 Nd3 22. Rcd1 Ba6 23. b4 R5c7 24. b5 Bb7 25. Qa1 Rc5
26. h3 Qf6 27. f4 exf3 28. Rxd3 Qg6 (28... fxe2 29. Nxe2 (29. Rxf6 $4 Rc1+ 30.
Kh2 e1=Q) 29... Qg6) 29. Nf4 Qg3 30. Rdd1 g5 31. Nxf3 gxf4 32. exf4 (32. Qf6)
32... Qxf4 (32... Rc2 33. Rd2 Rxd2 34. Nxd2 Qxg2#) 33. Qb2 Rc2 34. Rd8+ Rxd8
35. Qxc2 Rc8 36. Qb3 Bxf3 37. Rxf3 Rc1+ 38. Kf2 Qh4+ 39. Rg3+ Kh7 $4 (39... Kf8
40. Qb2 Rc5 41. Qh8+ Ke7 $11) 40. Qxf7+ 1-0

[Event "Østlandsserien 2010/2011, 4. div."]
[Site "Ås, Akershus NOR"]
[Date "2010.11.07"]
[Round "1"]
[White "Hagberg, Øivind"]
[Black "Simonsen, Steinar"]
[Result "1/2-1/2"]
[WhiteElo "1119"]
[BlackElo "1260"]
[PlyCount "65"]
[EventDate "2010.11.07"]
[WhiteTeam "Stovner"]
[BlackTeam "Follo 2"]

1. e4 e6 2. d4 d5 3. exd5 exd5 4. Nf3 Nf6 5. c4 Be7 6. Be2 O-O 7. O-O Nc6 8.
Nc3 Bg4 9. Bg5 dxc4 10. Be3 Nd5 11. Bxc4 Nxc3 12. bxc3 Bf6 {last book move} 13.
Rb1 Na5 14. Be2 b6 15. h3 Bf5 16. Bd3 Bxd3 17. Qxd3 Qd5 18. Rb2 Nc4 19. Rc2
Rfe8 20. Nd2 Nxe3 21. fxe3 Qe6 22. e4 Bg5 23. e5 Rad8 24. Qa6 Qd5 25. Nf3 h6
26. Nxg5 hxg5 27. Qe2 f6 28. Rf5 Qf7 29. Qf1 Re6 30. Rcf2 Qe8 31. Qc4 (31. exf6
gxf6 32. Rxf6 Rxf6 (32... Re1 33. Rf8+ Kg7 34. R2f7+ Kg6 35. Rxe8 Rxf1+ 36.
Kxf1 Rxe8 37. Rxc7) 33. Rxf6) 31... Kh7 (31... Qc6) 32. Qd3 Qg6 33. Qc4 1/2-1/2

[Event "Østlandsserien 2010/2011, 4. div."]
[Site "Oslo NOR"]
[Date "2010.12.05"]
[Round "2"]
[White "Lea, Per"]
[Black "Olsen, Ulrik"]
[Result "1-0"]
[WhiteElo "1569"]
[BlackElo "1292"]
[PlyCount "61"]
[EventDate "2010.11.07"]
[WhiteTeam "Follo 2"]
[BlackTeam "O.S.S. 6"]

1. e4 c5 2. Nf3 d6 3. d4 cxd4 4. Nxd4 Nf6 5. Nc3 a6 6. Bg5 e6 7. f4 Be7 8. Qf3
Qb6 9. O-O-O e5 10. Nf5 Bxf5 11. exf5 Nbd7 12. Bc4 Rc8 13. Nd5 Qc5 14. Nxe7
Kxe7 15. Bb3 b5 16. Rd5 Qc6 17. Rhd1 h6 18. Bxf6+ gxf6 19. Rxd6 Qxd6 20. Rxd6
Kxd6 21. fxe5+ Nxe5 22. Qd5+ Kc7 23. Qc5+ Kd7 24. Qa7+ Rc7 25. Qxa6 Rd8 26.
Qxb5+ Kc8 27. Qa6+ Kb8 28. Qxf6 Rcd7 29. Qxe5+ Kc8 30. Qe2 Rd4 31. Bxf7 1-0

[Event "Østlandsserien 2010/2011, 4. div."]
[Site "Oslo NOR"]
[Date "2010.12.05"]
[Round "2"]
[White "Grønn, Eskil"]
[Black "Furnes, Torstein"]
[Result "0-1"]
[WhiteElo "1068"]
[BlackElo "1551"]
[Annotator "Furnes,Torstein"]
[PlyCount "66"]
[EventDate "2010.11.07"]
[WhiteTeam "OSS 6"]
[BlackTeam "Follo 2"]

1. d4 d5 2. c4 e6 3. Nc3 Nf6 4. Bg5 Be7 5. e3 O-O 6. Nf3 Nbd7 7. Bd3 dxc4 8.
Bxc4 c5 9. O-O b6 {Dette trekket finnes ikke i åpningsbiblioteket til Fritz 10.
Der fortsetter det istedet med 17 partier med 9.-a6 og 2 partier med 9.-cxd4.}
10. Re1 Bb7 11. e4 cxd4 12. Nxd4 Rc8 $2 {Tillater en kombinasjon. Bedre var} (
12... Ne5) 13. Bd3 {Hvit hadde her muligheten} (13. Nxe6 $1 fxe6 14. Bxe6+ Kh8
15. e5 Rc5 16. f4 $14) 13... Ne5 14. Bc2 Bc5 15. Nb3 $2 {
Her måtte nok hvit spille} (15. Nf3) 15... Bxf2+ $1 16. Kxf2 Nfg4+ 17. Kg1 Qxg5
18. Qe2 $6 {Fritz 10 mener at det er best for hvit å spille Dc1 eller Dd2.} Qf4
{Fritz mener at Dh4 er svarts sterkeste trekk. F.eks.} (18... Qh4 19. g3 (19.
h3 $6 Qg3 20. hxg4 Nxg4 21. Qd3 Qh2+ 22. Kf1 Qh1+ 23. Ke2 Qxg2+ 24. Kd1 Nf2+)
19... Nf3+ 20. Kh1 (20. Kg2 $2 Qxh2+ 21. Kxf3 Ne5+ 22. Ke3 (22. Kf4 Qh6+ 23.
Kxe5 Qf6+ 24. Kd6 Rfd8#) 22... Qxg3+ 23. Kd2 Qf4+ 24. Kd1 Rfd8+) 20... Qh3 21.
Qg2 Qh6 22. h4 Nxe1 $19) 19. g3 Nf3+ 20. Kh1 Qh6 21. h4 Nxe1 22. Rxe1 Ne5 23.
Nd4 Rfd8 24. Nf3 Nxf3 25. Qxf3 Rd2 26. Bb3 Rxb2 27. Nd1 Qd2 28. Nxb2 Qxe1+ 29.
Kh2 Bxe4 30. Qd1 Qf2+ 31. Kh3 Bg2+ 32. Kh2 Bf1+ 33. Kh1 Qg2# 0-1

[Event "Østlandsserien 2010/2011, 4. div."]
[Site "Oslo NOR"]
[Date "2010.12.05"]
[Round "2"]
[White "Bakken, Svein-Erik"]
[Black "Grammeltvedt, Erik"]
[Result "1/2-1/2"]
[WhiteElo "1381"]
[BlackElo "1176"]
[Annotator "Fritz 10"]
[PlyCount "50"]
[EventDate "2010.11.07"]
[WhiteTeam "Follo 2"]
[BlackTeam "O.S.S. 6"]

1. d4 Nf6 2. c4 g6 3. Nc3 Bg7 4. e4 d6 5. Be2 O-O 6. f4 Re8 7. Nf3 b6 8. O-O
Bb7 9. Qc2 c5 10. d5 e6 11. b3 Nfd7 12. Bb2 e5 13. Nb5 Nf6 14. fxe5 (14. Nxd6
$1 Qxd6 15. fxe5 Qe7 16. exf6 Bxf6 17. Bxf6 Qxf6 18. Qd2 Qg7 (18... Rxe4 $4 19.
Ng5) 19. Ng5 $18) 14... dxe5 15. Rad1 a6 16. Nc3 Nbd7 17. Bc1 a5 18. Bd3 Rc8
19. Nb5 Qe7 20. Be2 Qf8 21. Ne1 Ba6 22. Rf3 Bxb5 23. cxb5 Qd6 24. Bd3 Rc7 25.
Qe2 Ra8 1/2-1/2

[Event "Østlandsserien 2010/2011, 4. div."]
[Site "Oslo NOR"]
[Date "2010.12.05"]
[Round "2"]
[White "Ondo, Shaun"]
[Black "Simonsen, Steinar"]
[Result "1-0"]
[WhiteElo "1083"]
[BlackElo "1260"]
[PlyCount "121"]
[EventDate "2010.11.07"]
[WhiteTeam "O.S.S. 6"]
[BlackTeam "Follo 2"]

1. d4 d5 2. c4 e5 3. Nc3 exd4 4. Qxd4 Nf6 5. Bg5 Nc6 6. Qd1 dxc4 7. Qxd8+ Nxd8
8. Nf3 Be6 9. e3 c5 10. O-O-O Be7 11. e4 h6 12. Bh4 Nc6 13. Nb5 Rc8 14. e5 Ng4
15. Nd6+ Bxd6 16. exd6 g5 17. Bg3 f5 18. h3 Nf6 19. Be2 f4 20. Bh2 Ne4 21. Rhf1
Rd8 22. Bg1 Rxd6 23. Rxd6 Nxd6 24. Re1 O-O 25. Nd2 c3 26. bxc3 Bxa2 27. c4 b5
28. cxb5 Nd4 29. f3 Nxe2+ 30. Rxe2 Nxb5 31. Bxc5 Rc8 32. Ne4 Bf7 33. Rc2 Bg6
34. Kb2 Kf7 35. Kb3 Ke6 36. Rc4 a6 37. Kb4 Kd5 38. Nf6+ Ke6 39. Ne4 Ke5 40.
Bd4+ Kd5 41. Rxc8 Kxd4 42. Rc4+ Kd3 43. Nc5+ Ke2 44. Nxa6 Bd3 45. Rc6 h5 46.
Rc5 Nd4 47. Nc7 Bf5 48. Nb5 Nc2+ 49. Kc3 Ne3 50. Nd4+ Kf2 51. Nxf5 Nxg2 52. Nd4
g4 53. hxg4 h4 54. Rh5 Kg3 55. Kd3 Ne1+ 56. Ke2 Kg2 57. Nf5 Kh3 58. g5 Kh2 59.
g6 h3 60. g7 Kg1 61. g8=Q+ 1-0

[Event "Østlandsserien 2010/2011, 4. div."]
[Site "Konnerud, Drammen, Buskerud NOR"]
[Date "2011.01.16"]
[Round "4"]
[White "Lea, Per"]
[Black "Kollerud, Olav"]
[Result "1-0"]
[WhiteElo "1566"]
[BlackElo "1391"]
[Annotator "Lea, Per"]
[PlyCount "57"]
[EventDate "2010.11.07"]
[WhiteTeam "Follo 2"]
[BlackTeam "Konnerud"]

1. e4 e5 2. Nf3 Nf6 3. Nxe5 Qe7 4. d4 d6 5. Nf3 Nxe4 6. Be3 Bg4 7. h3 Bh5 8.
Be2 f6 9. Nbd2 d5 10. O-O Nd7 11. Re1 O-O-O 12. c3 Nb6 13. a4 a6 14. a5 Na8 15.
Nb3 c6 16. Nc5 Nxc5 17. dxc5 g5 18. Nxg5 (18. Bd4 Bg7 19. Bxa6 Qd7 20. Bd3)
18... Bxe2 19. Rxe2 fxg5 20. Bd4 Qd7 21. Bxh8 Bxc5 22. Bd4 Bd6 23. Be5 h6 24.
Qd3 Bxe5 25. Rxe5 Nc7 26. Rae1 Re8 27. Rxe8+ Nxe8 28. Qg6 Nd6 29. Qxh6 {
Selv om Fritz ikke vurderer dette trekket som hvis beste alternativ, hadde
svart fått nok og ga labb.} (29. Re6 Nc4 (29... Nb5 30. Re8+ Kc7 31. Rg8 {1-0})
(29... Kc7 30. Qf6 Nc8 31. Qe5+ Kd8 32. Rxh6 Qe7 33. Qb8 Qg7 34. Rd6+ {1-0})
30. Qg8+ Kc7 31. Rxh6 Qc8 32. Rh7+ Kb8 33. Qg7 Ka7 34. Rh8 Qe6 35. Qd4+ b6 36.
Qg7+) 1-0

[Event "Østlandsserien 2010/2011, 4. div."]
[Site "Konnerud, Drammen, Buskerud NOR"]
[Date "2011.01.16"]
[Round "4"]
[White "Næss, Terje"]
[Black "Bakken, Svein-Erik"]
[Result "0-1"]
[WhiteElo "1299"]
[BlackElo "1381"]
[PlyCount "72"]
[EventDate "2010.11.07"]
[WhiteTeam "Konnerud"]
[BlackTeam "Follo 2"]

1. e4 c5 2. Bc4 e6 3. Nc3 a6 4. a4 Qc7 5. Nf3 Nc6 6. Ne2 Nf6 7. Ng3 Be7 8. c3
O-O 9. h3 Rd8 10. Bd3 d5 11. Qe2 Bd6 12. Nf1 dxe4 13. Bxe4 Nxe4 14. Qxe4 f5 15.
Qh4 Be7 16. Qh5 Ne5 17. Nxe5 Qxe5+ 18. Qe2 Qxe2+ 19. Kxe2 f4 20. g4 b6 21. f3
Bh4 22. d3 e5 23. Nd2 Bb7 24. Ne4 Rd7 25. Rd1 Rad8 26. b3 Bxe4 27. fxe4 f3+ 28.
Ke3 f2 29. Bb2 f1=Q 30. Rxf1 Rxd3+ 31. Ke2 Rxh3 32. Rh1 Rdd3 33. Rag1 Rhe3+ 34.
Kf1 Rd1+ 35. Kg2 Rd2+ 36. Kf1 Re1# 0-1

[Event "Østlandsserien 2010/2011, 4. div."]
[Site "Konnerud, Drammen, Buskerud NOR"]
[Date "2011.01.16"]
[Round "4"]
[White "Simonsen, Steinar"]
[Black "Nilsen, Helmer"]
[Result "0-1"]
[WhiteElo "1260"]
[BlackElo "1152"]
[PlyCount "48"]
[EventDate "2010.11.07"]
[WhiteTeam "Follo 2"]
[BlackTeam "Konnerud"]

1. e4 d6 2. d4 b6 3. Nc3 e6 4. Nf3 Be7 5. Bd3 Nd7 6. O-O Bb7 7. Re1 Ngf6 8. e5
Nd5 9. Nxd5 Bxd5 10. c4 Bb7 11. Bf4 O-O 12. d5 exd5 13. cxd5 dxe5 14. Nxe5 Nxe5
15. Rxe5 Bd6 16. Bxh7+ Kxh7 17. Qd3+ g6 18. Rh5+ Kg8 19. Bg5 Qd7 20. Rh4 Be5
21. Re1 Bg7 22. Rd1 Rfe8 23. g4 Re5 24. Qh3 Rxg5 0-1

[Event "Østlandsserien 2010/2011, 4. div."]
[Site "Konnerud, Drammen, Buskerud NOR"]
[Date "2011.01.16"]
[Round "4"]
[White "Årmot, Leidulv"]
[Black "Thowsen, Alf Geir"]
[Result "1/2-1/2"]
[WhiteElo "1134"]
[BlackElo "1172"]
[PlyCount "70"]
[EventDate "2010.11.07"]
[WhiteTeam "Konnerud"]
[BlackTeam "Follo 2"]

1. d4 d5 2. Nf3 Nf6 3. g3 e6 4. Bg2 c5 5. c3 Nc6 6. O-O Bd6 7. Nbd2 Qb6 8. e3
Bd7 9. Re1 O-O 10. dxc5 Bxc5 11. Nb3 Bd6 12. Nbd4 e5 13. Nxc6 Qxc6 14. Nd2 e4
15. Nb3 Rfe8 16. Nd4 Qb6 17. Qb3 Bc5 18. Qxb6 Bxb6 19. Bd2 Rac8 20. Bf1 Bg4 21.
Nb5 Re6 22. Rac1 Bf3 23. Nd4 Bxd4 24. cxd4 Rxc1 25. Rxc1 g5 26. Rc8+ Kg7 27.
Rc7 Ng4 28. Bh3 Rc6 29. Rxc6 bxc6 30. Bxg4 Bxg4 31. Kf1 Kf6 32. Bb4 Ke6 33. Bc5
a6 34. b4 Bd1 35. Ke1 Ba4 1/2-1/2

[Event "Østlandsserien 2010/2011, 4. div."]
[Site "Ås, Akershus NOR"]
[Date "2011.02.13"]
[Round "5"]
[White "Kvendseth, Cornelius"]
[Black "Lea, Per"]
[Result "0-1"]
[WhiteElo "1094"]
[BlackElo "1566"]
[Annotator "Lea,Per"]
[PlyCount "56"]
[EventDate "2010.11.07"]
[WhiteTeam "Nordstrand VI"]
[BlackTeam "Follo II"]

1. e4 e5 2. Nf3 Nc6 3. Bc4 Nf6 4. d3 Bc5 5. O-O d6 6. h3 Be6 7. Bb3 Qd7 8. Ng5
Bxb3 9. axb3 O-O 10. Be3 Bb6 11. Na3 h6 12. Nf3 Nh7 13. Qe2 f5 14. Ra2 f4 15.
Bxb6 axb6 16. Raa1 Nd4 17. Nxd4 exd4 18. Kh2 f3 19. Qd2 fxg2 20. Kxg2 Ng5 21.
Rh1 Rf3 22. Rag1 Raf8 23. Rf1 Nxh3 24. Qe2 Qg4+ 25. Kh2 Rxf2+ 26. Rxf2 Rxf2+
27. Qxf2 Nxf2 28. Rg1 Qh3# 0-1

[Event "Østlandsserien 2010/2011, 4. div."]
[Site "Ås, Akershus NOR"]
[Date "2011.02.13"]
[Round "5"]
[White "Olsen, Trygve"]
[Black "Braathen, Didrik"]
[Result "1-0"]
[WhiteElo "1250"]
[BlackElo "1130"]
[PlyCount "105"]
[EventDate "2010.11.07"]
[WhiteTeam "Follo II"]
[BlackTeam "Nordstrand VI"]

1. e4 c5 2. c3 g6 3. Nf3 Bg7 4. Bc4 d6 5. Bxf7+ Kxf7 6. Qb3+ Ke8 7. Ng5 Nh6 8.
O-O Bf6 9. d3 Bxg5 10. Bxg5 Nf7 11. f4 Rf8 12. Nd2 Nc6 13. Bh4 Na5 14. Qc2 Qc7
15. Nf3 h6 16. c4 Nc6 17. Qc3 Rg8 18. Bg3 Bg4 19. Nd2 Nd4 20. Rae1 Ne2+ 21.
Rxe2 Bxe2 22. Re1 Bg4 23. e5 Kd7 24. exd6 Qxd6 25. f5 Qd4+ 26. Qxd4+ cxd4 27.
f6 Bf5 28. Rxe7+ Kc6 29. Rxf7 Rgf8 30. Rc7+ Kb6 31. c5+ Ka6 32. Be5 Rae8 33.
Bxd4 Bxd3 34. h3 Re1+ 35. Kh2 Re2 36. Bc3 Rxf6 37. Bxf6 Rxd2 38. Rd7 Kb5 39.
Be7 Kc6 40. Rd6+ Kc7 41. Rd4 Re2 42. Bd6+ Kc6 43. Rxd3 Rxb2 44. a3 b6 45. cxb6
axb6 46. Bb4 g5 47. Rd6+ Kb5 48. Rxh6 g4 49. h4 Rb3 50. Rg6 Rxb4 51. axb4 g3+
52. Kxg3 Ka6 53. h5 1-0

[Event "Østlandsserien 2010/2011, 4. div."]
[Site "Ås, Akershus NOR"]
[Date "2011.02.13"]
[Round "5"]
[White "Tryggestad, Andreas G"]
[Black "Thowsen, Alf Geir"]
[Result "1/2-1/2"]
[WhiteElo "1167"]
[BlackElo "1192"]
[PlyCount "40"]
[EventDate "2010.11.07"]
[WhiteTeam "Nordstrand VI"]
[BlackTeam "Follo II"]

1. e4 e6 2. d4 d5 3. Nc3 b6 4. e5 Ba6 5. Bxa6 Nxa6 6. f4 c5 7. Nf3 cxd4 8. Nxd4
Rc8 9. Be3 Bc5 10. a3 Ne7 11. h4 Bxd4 12. Qxd4 Nf5 13. Qa4+ Qd7 14. Nb5 Nc5 15.
Bxc5 Rxc5 16. Qxa7 Rxb5 17. Qa8+ Qd8 18. Qc6+ Qd7 19. Qa8+ Qd8 20. Qc6+ Qd7
1/2-1/2

[Event "Østlandsserien 2010/2011, 4. div."]
[Site "Modum, Buskerud NOR"]
[Date "2011.03.12"]
[Round "6"]
[White "Brekke, Øystein"]
[Black "Hovland, Arne"]
[Result "1-0"]
[WhiteElo "1913"]
[BlackElo "1578"]
[Annotator "Hovland, Arne"]
[PlyCount "101"]
[EventDate "2010.11.07"]
[WhiteTeam "Modum"]
[BlackTeam "Follo 2"]

{767MB, Fritz8.ctg, PC25LA-1547} 1. c4 e5 2. g3 d6 3. Bg2 c6 4. d4 Qc7 5. Nc3
Nf6 6. Nf3 Be7 7. O-O O-O 8. b3 e4 9. Ng5 d5 10. Bf4 Bd6 11. Bxd6 Qxd6 12. Rc1
Ne8 {Bukker en bonde.} 13. cxd5 f5 $2 ({
Litt mindre dårlig var kanskje varianten} 13... cxd5 14. Ncxe4 Qd8 15. Nd2 Nc6
16. Ngf3) 14. dxc6 Nxc6 15. d5 Ne7 16. f3 h6 17. Nh3 Qb6+ 18. Kh1 exf3 19. exf3
Bd7 20. Nf4 Nd6 21. Re1 Rf7 22. Ne6 Rc8 23. f4 Qa5 24. Qd4 Qa3 25. Qd2 Qa5 26.
Ne4 Qxd2 27. Nxd2 {Nå begynte det virkelig a bli tungt..} b6 28. Rxc8+ Nexc8
29. Nf3 Re7 30. Nfd4 g6 31. Kg1 Bb5 32. Rc1 Bd3 33. Nc6 Re8 34. Ne5 Be4 35.
Nxg6 Bxg2 36. Kxg2 Kf7 37. Ne5+ Kg8 38. Rc7 Re7 39. Rc6 Re8 40. Kf3 Nb5 41. a4
Nbd6 42. Ke3 Re7 43. Kd4 Re8 44. Rc7 Re7 45. Rxe7 Nxe7 46. Nc6 Nec8 47. Ke5 a6
48. Ne7+ Nxe7 49. Kxd6 Kf7 50. Nc7 a5 51. Ke5 1-0